000 00560nam a22001697a 4500
003 OSt
005 20260216150716.0
008 260216b |||||||| |||| 00| 0 eng d
040 _cMRSPTU
041 _aEnglish
100 _aAmritpal Singh, Supervisor: Dr. Balkrishan
245 _aStudy of Use of Paper Industry Waste (Hypo-Sludge ASH) as a Partial Replacement of Cement
260 _bDepartment of Civil Engg. MRSPTU, Bathinda
_c2018
650 _aCivil Engineering
856 _uhttp://163.47.215.52:8080/jspui/handle/123456789/341
942 _2ddc
_cTH
_n0
999 _c10914
_d10914